Movies Quiz

Random Movies or Disney Quiz

Disney Animals2 Quiz Stats

Quiz not verified by Sporcle

Challenge
Share
Tweet
Score 0/85 Timer 20:00
0 Plays Today
% Correct
Duchess
96.9%
Thomas O'Malley
94.9%
Marie
91.8%
Robin Hood
87.2%
Maid Marian
86.2%
Prince John
85.7%
Winnie the Pooh
85.2%
Tigger
85.2%
Piglet
85.2%
Toulouse
84.7%
Kanga and Roo
84.7%
Owl
84.7%
Little John
84.2%
Rabbit
83.7%
Sir Hiss
83.2%
Berlioz
82.7%
Friar Tuck
81.1%
Eeyore
81.1%
King Richard
80.1%
Tod
79.6%
Scat Cat
79.1%
Bernard
79.1%
Bianca
79.1%
Oliver
79.1%
Sheriff of Nottingham
78.6%
Copper
78.6%
Gopher
77%
Ratigan
74.5%
Big Mama
74%
% Correct
Basil
73%
Roquefort
71.9%
Dodger
71.9%
Uncle Waldo, Abigail, and Amelia Gabble
70.9%
Vixey
70.9%
Alan-A-Dale
70.4%
Trigger & Nutsy
70.4%
Frou-Frou
69.4%
Rita, Tito, Einstein, and Francis
69.4%
Heffalumps and Woozles
68.9%
Joanna the Goanna
68.9%
Lady Kluck
68.4%
Chief
68.4%
Napoleon
67.3%
Evinrude
66.3%
Fidget
66.3%
Georgette
65.8%
Lafayette
65.3%
Wilbur
65.3%
The Bear
64.8%
Olivia Flaversham
64.8%
Queen Mousetoria
64.8%
Shun Gon, Hit Cat, Peppo, Billy Boss
64.3%
Orville
63.3%
Mother Rabbit and Other Rabbit Siblings
62.8%
Mr. Digger
62.8%
David Q. Dawson
62.8%
Brutus and Nero
61.2%
Jake
60.7%
% Correct
Toby
60.7%
Captain Crocodile
60.2%
Otto
60.2%
Abigail the Cow
60.2%
Rufus
59.7%
Toby, Skippy, Sis, and Tagalong
59.2%
Porcupine
58.7%
Hiram Flaversham
58.7%
Roscoe and DeSoto
58.7%
Felicia
58.2%
Hen Wen
57.7%
Red and Krebbs
56.1%
Dinky and Boomer
56.1%
Miss Kitty Mouse and Sisters
55.1%
Little Sister and Sexton Mouse
54.6%
Gramps, Deadeye, Deacon Owl, and Digger
54.6%
Frank
53.6%
Chairmouse
53.1%
Twister
53.1%
Luke and Ellie Mae
52%
Marahute
51%
Faloo
51%
Mrs. Judson
48%
Cash and Dixie
42.9%
Squeaks
41.3%
Granny Rose, Waylon, and Floyd
40.8%
Nelson
38.8%

You're not logged in!

Compare scores with friends on all Sporcle quizzes.
Sign Up with Email
OR
Log In

You Might Also Like...

Show Comments

Extras

Top Quizzes Today


Score Distribution

Your Account Isn't Verified!

In order to create a playlist on Sporcle, you need to verify the email address you used during registration. Go to your Sporcle Settings to finish the process.